From London to Bokhara (Record no. 553295)
[ view plain ]
| 000 -LEADER | |
|---|---|
| fixed length control field | 00585cam a2200169K 4500 |
| 082 04 - DEWEY DECIMAL CLASSIFICATION NUMBER | |
| Classification number | 915 |
| Author Mark | MES |
| 100 1# - MAIN ENTRY--PERSONAL NAME | |
| Personal name | Le Messurier, Augustus, |
| 9 (RLIN) | 50549 |
| 245 10 - TITLE STATEMENT | |
| Title | From London to Bokhara |
| Remainder of title | and a ride through Persia / |
| Statement of responsibility, etc. | by A. Le Messurier. |
| 260 ## - PUBLICATION, DISTRIBUTION, ETC. | |
| Place of publication, distribution, etc. | London : |
| Name of publisher, distributor, etc. | R. Bentley and Son, |
| Date of publication, distribution, etc. | 1889. |
| 300 ## - PHYSICAL DESCRIPTION | |
| Extent | xv, [1], 320 p. : |
| Other physical details | plates, fold. maps ; |
| Dimensions | 23 cm. |
| 500 ## - GENERAL NOTE | |
| General note | Includes index. |
| 526 ## - STUDY PROGRAM INFORMATION NOTE | |
| Program name | 0 |
| Interest level | 0 |
| Reading level | 0 |
| Title point value | 915_000000000000000_MES |
| 650 #0 - SUBJECT ADDED ENTRY--TOPICAL TERM | |
| Topical term or geographic name entry element | MCE |
| 9 (RLIN) | 379 |
| 650 #0 - SUBJECT ADDED ENTRY--TOPICAL TERM | |
| Topical term or geographic name entry element | Voyages and travels. |
| 9 (RLIN) | 46118 |
| 856 40 - ELECTRONIC LOCATION AND ACCESS | |
| Uniform Resource Identifier | <a href="http://catalog.hathitrust.org/api/volumes/oclc/5228899.html">http://catalog.hathitrust.org/api/volumes/oclc/5228899.html</a> |
| 942 ## - ADDED ENTRY ELEMENTS (KOHA) | |
| Source of classification or shelving scheme | |
| Koha item type | Book |
| Withdrawn status | Lost status | Source of classification or shelving scheme | Damaged status | Not for loan | Permanent Location | Current Location | Shelving location | Date acquired | Total Checkouts | Full call number | Barcode | Date last seen | Price effective from | Koha item type |
|---|---|---|---|---|---|---|---|---|---|---|---|---|---|---|
| Military College of Engineering (MCE) | Military College of Engineering (MCE) | 02/03/2015 | 915 MES | MCE-ECL/59 | 02/03/2015 | 02/03/2015 | Book |
